[Event "Prague Sachinfo"]
[Site "Prague"]
[Date "1999.06.06"]
[Round "6"]
[White "Ftacnik, Lubomir"]
[Black "Rogers, Ian"]
[Result "1/2-1/2"]
[WhiteElo "2585"]
[BlackElo "2618"]
[Annotator "Ribli,Z"]
[PlyCount "56"]
[EventDate "1999.05.??"]
[EventType "tourn"]
[EventRounds "6"]
[EventCountry "CZE"]
[EventCategory "15"]
[SourceTitle "CBM 072"]
[Source "ChessBase"]
[SourceDate "1999.10.01"]
[SourceVersion "1"]
[SourceVersionDate "1999.10.01"]
[SourceQuality "1"]

{[%mdl 36]} 1. c4 b6 {Eine seltene Variante. Schwarz kümmert sich nicht direkt
um das Zentrum und entwickelt seinen Damenläufer auf die lange Diagonale.
Ribli.} 2. Nc3 Bb7 3. e4 e6 4. Nf3 (4. d4 Bb4) 4... c5 {Dieser Zug, der zu
einer Igelstellung führt, ist nicht schlecht, aber 4...Lb4 wäre die
prinzipielle Antwort.} (4... Bb4 $5) (4... Nf6) 5. Bd3 {Weiß plant Lc2 nebst
d2-d4.} (5. d4 cxd4 6. Nxd4 $14) 5... Nc6 (5... g6 6. Bc2 Bg7 7. d4 cxd4 8.
Nxd4 Ne7 9. O-O O-O 10. f4 Nbc6 11. Be3 f5 12. Qd2 fxe4 13. Bxe4 Na5 14. Bxb7
Nxb7 15. Rad1 $14 {1/2-1/2 Liabotro,P-Stefansson,H/Gausdal 1986/EXT 97 (35)}) (
5... d6 6. Bc2 Nd7 7. d4 cxd4 8. Nxd4 a6 9. b3 Ngf6 10. O-O Be7 11. Bb2 O-O 12.
Kh1 Nc5 13. Qf3 Qc7 14. Rae1 Rfe8 15. Qh3 Bf8 16. f4 e5 17. fxe5 dxe5 18. Nf5
Ne6 19. Nd5 $36 {1-0 Banas,J-Poulton,J/Cappelle la Grande 1991/EXT 98 (32)}) 6.
Bc2 (6. O-O d6 (6... Be7 7. Bc2 Nf6 8. d4 cxd4 9. Nxd4 O-O 10. Be3 Rc8 11. Nxc6
Bxc6 12. e5 Ne8 13. Qd3 f5 14. Rad1 d6 15. Qe2 Qc7 16. Bf4 dxe5 17. Bxe5 Qb7
18. f3 Nf6 19. Bd6 Qd7 20. Bxf5 {1-0 Maddigan,C-Mouzon,H/Chicago 1989/EXT 97 
(20)}) 7. Bc2 Nf6 8. d4 cxd4 9. Nxd4 Be7 10. Ba4 Rc8 11. Qf3 Qd7 12. Nd5 $36 {
1-0 Cain,C-Guerra,J/Luzern 1982/EXT 97-B (60)}) 6... Nge7 {Eine für Rogers
charakteristische und originelle Figurenentwicklung. Der schwarze Springer
strebt nach g6.} (6... e5 $5 {Schwarz hätte zwar ein Tempo mit 3...e6 und 6...
e5 verloren, aber der weiße Läufer steht auf c2 schlecht.}) (6... Nf6 7. O-O d6
8. d4 cxd4 9. Nxd4 $14) 7. O-O (7. d4 cxd4 8. Nxd4 Nxd4 9. Qxd4 Nc6 $11 {
Das ist eine andere Idee des Zuges 6...Nge7 - der Springer geht nach c6.}) 7...
Ng6 8. d4 {Weiß spielt diesen Zug jetzt, denn der schwarze Springer steht
schon auf g6.} cxd4 9. Nxd4 Bc5 10. Be3 (10. Ndb5 $5 $14 {[%cal Gb5d6]}) (10.
Nb3 Be7 $11 {Schwarz scheint ein Tempo verloren zu haben, aber in Wirklichkeit
steht der weiße Springer auf b3 schlechter als auf d4.}) 10... O-O 11. Nxc6 (
11. a3 Nxd4 12. Bxd4 d6 13. b4 Bxd4 14. Qxd4 Rc8 $11) 11... Bxc6 12. Bxc5 (12.
Qe2 Qh4 $11) 12... bxc5 $11 {[%csl Yd4][%cal Ga8b8,Gb8b2] Schwarz kann mit dem
Eröffnungsergebnis zufrieden sein. Sein c5-Bauer kontrolliert das Feld d4, der
d7-Bauern ist nicht wirklich schwach und er besitzt die halboffene b-Linie.}
13. f4 {Weiß hat etwas Inittiative und der g6-Springer steht nicht besonders
gut.} f6 14. Qd2 (14. e5 $6 fxe5 15. Bxg6 hxg6 16. fxe5 Qg5 $36) 14... Qa5 {
[%cal Ga5d2]} 15. g3 Rab8 16. b3 Nh8 $5 {Schwarz verbessert seine
Springerstellung und strebt nach f7. Dort kontrolliert er das Feld d6, welches
eine kleine Schwäche im schwarzen Lager ist.} 17. Rfd1 Nf7 18. Nb5 (18. Qe3 $11
) 18... Qa6 {Schwarz bereitet ...Db7 nebst ...a6 vor. Der weiße Springer muß
dann weichen.} (18... Qxd2 19. Rxd2 Rb7 (19... a6 $6 20. Na7 $16 {[%csl Ga7,
Rc6,Rd7]}) 20. Nd6 Nxd6 21. Rxd6 Kf7 $11 {[%cal Gf7e7]}) 19. a4 (19. Nd6 Nxd6
20. Qxd6 Qa5 $11) 19... Qb7 20. Qe3 a6 21. Nd6 (21. Nc3 d6 $11) 21... Nxd6 22.
Rxd6 {Der weiße Turm steht scheinbar aktiv auf d6, aber in der schwarzen
Stellung ist alles verteidigt.} Qb4 {[%csl Gb4]} 23. h4 f5 $5 {Schwarz klärt
die Situation am Königsflügel.} 24. e5 {Weiß muß die Stellung schließen.} (24.
exf5 $6 exf5 $36 {[%cal Gb8e8,Ge8e1,Gc6h1] Schwarz hat eine aktive Stellung
und gutes Figurenspiel.}) 24... h6 {Schwarz möchte nach weiterer Vorbereitung
mit ...g7-g5 den Königsflügel sprengen.} 25. Bd1 {Weiß möchte mit Lf3 den
starken schwarzen Läufer tauschen.} Rf7 {[%cal Gf7d7]} 26. Ra2 {[%cal Ga2h2]} (
26. Bh5 $2 Qxb3 27. Bxf7+ Kxf7 28. Qxb3 Rxb3 $17 {[%csl Gb3,Gc6]}) 26... a5 27.
h5 Kh8 28. Qd2 Qb6 {Und hier wurde Remis vereinbart. Die Stellung ist gleich
und es ist für beide Seiten schwierig, einen aktiven Plan zu entwickeln.}
1/2-1/2

[Event "Poikovsky Karpov 04th"]
[Site "Poikovsky"]
[Date "2003.04.20"]
[Round "1"]
[White "Rublevsky, Sergei"]
[Black "Zvjaginsev, Vadim"]
[Result "1/2-1/2"]
[WhiteElo "2670"]
[BlackElo "2664"]
[Annotator "Ribli,Z"]
[PlyCount "40"]
[EventDate "2003.04.20"]
[EventType "tourn"]
[EventRounds "9"]
[EventCountry "RUS"]
[EventCategory "16"]
[SourceTitle "CBM 095"]
[Source "ChessBase"]
[SourceDate "2003.07.25"]
[SourceVersion "1"]
[SourceVersionDate "2003.07.25"]
[SourceQuality "1"]

1. e4 c5 2. Nf3 e6 3. c4 {Interessanterweise das ist die Lieblingsvariante von
Rublevsky, aber von Zvjaginsev auch. Mit dieser Fortsetzung vermeidet Weiss
die theoretischen Hauptlinien.} Nc6 4. Nc3 Nf6 5. Be2 {Das ist die
prinzipielle Fortsetzung - 5.d4 waere weniger gut, weil Schwarz nach 5...cxd4
6.Nxd4 Bb4 bequemes Spiel erhält.} d5 6. exd5 (6. e5) 6... exd5 7. d4 {Das ist
die Pointe des weissen Spiels - in der symmetrischen Stellung hat Weiss ein
Tempo mehr.} Be6 8. Be3 dxc4 9. O-O cxd4 10. Nxd4 Nxd4 11. Bxd4 Qd7 $5 {
Dieser Zug (der zuerst in der Partie Bologan, V - Vallejo Pons, F Pamplona
2002 gespielt wurde) ist die letzte Wort der Eroeffnungstheorie - Schwarz
verhindert 12.Qa4+.} (11... Be7 12. Qa4+ Qd7 (12... Kf8 13. Bxf6 gxf6 14. Bxc4
(14. Rac1 $1 Qe8 15. Qa5 {/\ Qh5+/-}) 14... Qd4 15. Bxe6 Qxa4 16. Nxa4 fxe6 17.
Rac1 b5 18. Nc5 Kf7 {1/2-1/2 Adorjan,A-Horvath,J/Budapest 1995/CBM 46 (32)})
13. Qxd7+ Nxd7 (13... Bxd7 14. Bxc4 O-O 15. Nd5 Bd8 (15... Nxd5 16. Bxd5 Bc6
17. Bxc6 bxc6 18. Rac1 {1-0 Zvjaginsev,V-Lerner,K/Halkidiki 2002/CBM 92 no vc 
(60)}) 16. Nxf6+ (16. Rac1 Rc8 17. Bb3 $14) 16... Bxf6 17. Bxf6 gxf6 18. Rfe1
Rfe8 19. Rad1 Rxe1+ 20. Rxe1 Rc8 21. Bd3 Be6 {1/2-1/2 Bologan,V-Brenninkmeijer,
J/New York 1993/TD (42)}) 14. Bxg7 (14. Nb5 O-O-O 15. Nxa7+ Kb8 16. Rac1 Bf6
17. Nb5 Ne5 18. Rfd1 Nd3 19. Bxf6 gxf6 20. Bxd3 cxd3 21. b3 Rhg8 22. f3 Rg5 {
1/2-1/2 Drabke,L-Del Rio Angelis,S/Saint Vincent 2001/CBM 80 ext (27)}) 14...
Rg8 15. Bd4 $5 (15. Bh6 Bg5 16. Bxg5 Rxg5 17. f4 {1/2-1/2 Zvjaginsev,V-Luther,
T/Ohrid 2001/CBM 84/[Ribli] (43)}) 15... O-O-O 16. Rac1 (16. Rfd1 $5) 16... Bh3
17. Bf3 Rxg2+ 18. Kh1 Rg5 19. Rfe1 Bc5 20. Ne4 Rf5 21. Rxc4 Rxf3 22. Bxc5 Nxc5
23. Ng5 Rf5 24. Nxh3 Kb8 {0-1 Topalov,V-Leko,P/Monaco 2002/CBM 87 ext (49)})
12. Be5 {[%mdl 4]} (12. Bxf6 Qxd1 $1 (12... gxf6 13. Qxd7+ Kxd7 14. Rfd1+ Kc6 (
14... Kc7 15. Nd5+ Bxd5 16. Rxd5 Rd8 17. Rxd8 Kxd8 18. Bxc4 $16) 15. Bf3+ Kb6
16. Nd5+ Ka5 17. Nc7 Rb8 18. Bd5 Bg4 19. Rd4 $14) 13. Raxd1 (13. Rfxd1 gxf6 14.
Nb5 Rc8 15. Bf3 a6 16. Nd6+ Bxd6 17. Rxd6 Rc7 18. Rad1 Ke7 19. Rb6 Rb8 $11)
13... gxf6 {1/2-1/2 Bologan,V-Vallejo Pons,F/Pamplona ESP 2002/(13)} (13...
gxf6 14. Nd5 (14. Nb5 Rc8 15. Nxa7 Rc5 16. a4 Re5 17. Bf3 Bc5 18. Nb5 O-O 19.
Bxb7 Re2 $132) (14. Rfe1 Bb4 15. Bxc4 Bxc3 16. bxc3 Ke7 $11) 14... O-O-O 15.
Bxc4 Kb8 16. Rfe1 Bd6 $13)) (12. b3 Be7 (12... cxb3 $4 13. Bb5 $18) 13. Bxc4
Bxc4 14. bxc4 O-O 15. Bxf6 Qxd1 16. Raxd1 Bxf6 17. Nd5 Rfc8 $11) 12... Be7 13.
Qxd7+ Bxd7 14. Bxc4 O-O $11 {Die Bauernstellung ist symmetrisch. Weiss hat
zwar die etwas bessere Figurenstellung, aber Schwarz kann das neutralisieren.}
(14... Bc6 15. Rfe1 O-O $11) 15. Nd5 Bd8 $1 {Dieser scheinbar passive
Lauferzug bietet Schwarz die besten Ausgleichsmoeglichkeiten.} (15... Nxd5 16.
Bxd5 Bc6 17. Bxc6 bxc6 18. Rac1 $14 {[%csl Rc6]}) 16. Rfd1 (16. Nxf6+ Bxf6 17.
Bxf6 gxf6 18. Rfe1 Rfe8 $11 {Wir haben dieselbe Stellung, wie in der Partie
Bologan, V - Brenninkmejer,J New York 1993 - siehe die Variante 11...Be7 12.
Qa4+ Qd7 13.Qxd7 Bxd7.}) (16. Rac1 Bc6 $11) 16... Bc6 (16... Be6 $5) 17. Nb4
Be4 {Schwarz muss das Lauferpaar - wenn moeglich - auf dem Brett behalten.} 18.
f3 Bf5 19. Nd5 Be6 {[%mdl 256]} (19... Nxd5 $2 20. Bxd5 Bb6+ 21. Kh1 $36 {
[%csl Rb7,Gd5,Ge5]}) 20. Rac1 (20. Nxf6+ Bxf6 (20... gxf6 21. Bxe6 fxe5 22. Bd5
Bb6+ 23. Kf1 Bd4 $11) 21. Bxf6 Bxc4 $11) (20. Bxf6 $5) 20... Rc8 (20... Rc8 21.
Bxf6 Bxf6 22. Nxf6+ gxf6 $11) 1/2-1/2

[Event "Candidates FIDE sf2"]
[Site "Sanghi Nagar"]
[Date "1994.??.??"]
[Round "8"]
[White "Gelfand, Boris"]
[Black "Kramnik, Vladimir"]
[Result "1-0"]
[WhiteElo "2685"]
[BlackElo "2710"]
[Annotator "Ribli,Z"]
[PlyCount "125"]
[EventDate "1994.07.??"]
[EventType "match"]
[EventRounds "8"]
[EventCountry "IND"]
[SourceTitle "CBM 042"]
[Source "ChessBase"]
[SourceDate "1994.10.01"]
[SourceVersion "1"]
[SourceVersionDate "1994.10.01"]
[SourceQuality "1"]

1. c4 {Ftacnik} c5 2. Nc3 Nf6 3. g3 d5 4. cxd5 Nxd5 5. Bg2 e6 $2 (5... Nc7) 6.
Nxd5 exd5 7. Qb3 $1 Nc6 (7... Be6 8. Qxb7 Nd7 9. Nh3 Nb6 10. Qa6 Bd6 11. d3 O-O
12. Nf4 Bc8 13. Qa5 Bb7 14. O-O Qe7 15. h4 $16 {Garcia Martinez,S-Farago,I/
Polanica Zdroj/1978/}) 8. Qxd5 $1 (8. Bxd5 $2 Nd4 9. Bxf7+ Ke7 10. Qc4 b5 11.
Qd5 Nc2+ 12. Kd1 Nxa1 $17) 8... Qxd5 (8... Nd4 9. Qxd8+ Kxd8 10. Kd1 $16) (8...
Nb4 {Ftacnik} 9. Qxd8+ Kxd8 10. Kd1 Be6 11. Bxb7 Rb8 12. Be4 Bxa2 13. d3 Bb3+
14. Kd2 a6 15. Nf3 $16) 9. Bxd5 Nb4 (9... Nd4 10. Kd1 $16) 10. Be4 (10. Bb3 {
Ftacnik} b5 11. a3 Bb7 12. f3 Nc6 $44) 10... f5 11. Bb1 g6 (11... b6 {Ftacnik}
12. Nf3 g6 13. a3 Nc6 14. d3 $16) 12. Nf3 Nc6 (12... Bg7 13. a3 Nc6 14. d3 $16)
13. d3 Bg7 14. a3 b6 (14... Na5 15. Ba2 $16) (14... O-O {Ftacnik} 15. Ba2+ Kh8
16. Rb1 $16) 15. Ba2 Bb7 16. O-O Kd7 (16... Nd4 {Ftacnik} 17. Nxd4 Bxd4 18. Rb1
Kd7 19. b4 $16) 17. Rb1 Rhe8 18. Re1 Rac8 19. Bd2 Nd4 (19... Nd8 $5 20. Bc3 $1
$16 (20. Ng5 $2 h6 21. Nf7 Ne6 22. Bxh6 Bxh6 23. Nxh6 Nd4 $13)) (19... a5 {
Ftacnik} 20. Bd5 (20. Bc4 Na7 21. Ng5 h6 $13) 20... Kd6 21. Bc4 Na7 22. Ng5 $16
) 20. Nxd4 cxd4 (20... Bxd4 {Ftacnik} 21. Bc3 b5 22. Rbc1 $16) 21. Bb3 $1 (21.
Rbc1 {Ftacnik} Rxc1 22. Bxc1 Rc8 23. Bb3 $16) 21... a5 22. Kf1 Bc6 23. a4 (23.
Rbc1 {Ftacnik} a4 24. Ba2) 23... Bf8 24. Rec1 (24. Rbc1 {Ftacnik} Bc5 25. Rc2 (
25. Bxa5 $2 bxa5 26. Rxc5 Bg2+ 27. Kxg2 Rxc5 28. Bc4 $10) 25... Rc7 26. Ra1
Rec8 27. Bc4 $16) 24... Re5 25. Rc2 Rc5 26. Rxc5 Bxc5 27. Ra1 Re8 28. Bc4 Kd6
29. b3 Re7 30. h4 Kd7 31. Bf4 Bb4 (31... h5 $5 {Ftacnik} 32. Bg5 Rh7 33. Bf6
$16) 32. Rc1 Bc5 33. Bg8 Rg7 (33... Ba3 {Ftacnik} 34. Rc2 Bc5 35. f3 $16) 34.
Bc4 Re7 (34... h5 {Ftacnik} 35. Bg5 Ke8 $16) 35. Bh6 Re5 36. f3 $1 Re8 37. Kf2
Ke7 (37... Re7 {Ftacnik} 38. h5 $16) 38. Rg1 Bd7 39. Bg5+ Kf8 40. Bh6+ Ke7 41.
Bg5+ Kf8 42. h5 Kg7 (42... gxh5 43. Rh1 Kg7 44. Rxh5 Kg6 45. Bf4 $1 $18 Kxh5 $4
46. Bf7#) 43. h6+ Kf8 44. Bf6 Be6 45. Bxe6 Rxe6 46. Bg7+ Kf7 47. g4 Rc6 48. f4
Ke6 49. Kf3 Rc7 50. gxf5+ gxf5 51. Be5 Rd7 52. Rg7 Re7 53. Kg3 Rd7 54. Kh4 Be7+
55. Kh5 Bd8 56. Rxd7 Kxd7 57. Bxd4 Ke6 58. e4 Bc7 59. Kg5 Bd8+ 60. Kh5 Bc7 61.
Be3 (61. e5 Bd8 62. Bf2 Bc7 63. Bh4 Kd5 64. Bf6 Ke6 65. Kg5 Bb8 66. Bd8 Ba7 67.
d4 Kd7 68. Bf6 Ke6 69. d5+ Kxd5 70. Kxf5 $18) 61... Bd8 62. Bf2 Bc7 63. e5 1-0

[Event "Linares 16th"]
[Site "Linares"]
[Date "1999.02.22"]
[Round "2"]
[White "Anand, Viswanathan"]
[Black "Leko, Peter"]
[Result "1/2-1/2"]
[WhiteElo "2781"]
[BlackElo "2694"]
[Annotator "Ribli,Z"]
[PlyCount "48"]
[EventDate "1999.02.21"]
[EventType "tourn"]
[EventRounds "14"]
[EventCountry "ESP"]
[EventCategory "20"]
[SourceTitle "CBM 070"]
[Source "ChessBase"]
[SourceDate "1999.06.08"]
[SourceVersion "1"]
[SourceVersionDate "1999.06.08"]
[SourceQuality "1"]

{[%mdl 2064]} 1. Nf3 c5 2. c4 Nf6 3. Nc3 d5 {Dieser Zug wird relativ selten
gespielt, ist aber nicht schlechter als die Alternativen 3...Nc6, 3...g6 oder
3...e6. In einigen Varianten entstehen ähnliche Stellungen wie in der
Grünfeld-Indischen Verteidigung, die der junge ungarische Grossmeister gerne
spielt. Ribli.} 4. cxd5 Nxd5 5. e3 {Die prinzipielle Fortsetzung wäre 5.e4,
wonach Schwarz entweder mit 5...Nxc3 6.bxc3 g6 die Gruenfeld-Indische
Verteidigung spielen oder mit 5...Nb4 komplitziertes Spiel suchen kann.} Nxc3
6. bxc3 g6 7. d4 Bg7 {Weiß hat starke Bauernmasse im Zentrum, aber Schwarz
kontrolliert die wichtigsten zentralen Punkte mit seinem starken Läufer g7.} 8.
Bb5+ {Mit diesem Zug möchte Weiß die natürliche Entwicklung des schwarzen
Damenflügels (..b6 / ...Bb7 / ...Nc6) stören.} Bd7 (8... Nd7 {Dieser Zug ist
die andere schwarze Möglichkeit.}) 9. a4 (9. Bd3 O-O 10. O-O Nc6 11. Rb1 Qc7
12. h3 Rfd8 13. Qe2 Be8 14. Ba3 b6 15. Rfc1 Rac8 16. Ba6 Rb8 17. Nd2 Na5 18.
Nb3 Nxb3 19. axb3 Bc6 20. Ra1 e6 {1/2-1/2 Karpov,A-Leko,P/Polanica Zdroj 1998/
CBM 67 noVC (29)}) (9. Qb3 O-O 10. O-O Qc7 11. Ba3 Be6 12. d5 Bg4 13. Be2 Nd7
14. h3 Bxf3 15. Bxf3 Rab8 16. Bb2 b5 17. Rfd1 c4 18. Qc2 Nc5 19. Ba3 a5 20.
Rab1 Rfd8 21. Bxc5 Qxc5 22. Rdc1 Qa3 23. h4 h5 24. g3 Rdc8 25. g4 hxg4 26. Bxg4
{1-0 Karpov,A-Topalov,V/Monte Carlo 1998/CBM 63 ext (55)}) 9... Qa5 $5 10. Qb3
(10. Bxd7+ Nxd7 11. Bd2 O-O 12. O-O e5 13. Qc2 Qa6 14. d5 e4 $1 15. Qxe4 Nf6
16. Qc2 Qc4 {[%csl Rd5]} 17. a5 b5 18. axb6 axb6 19. d6 b5 20. Rxa8 Rxa8 21.
Rb1 Ne4 22. d7 Rd8 23. Be1 Rxd7 {1/2-1/2 Polugaevsky,L-Vaganian,R/Moscow 1983/
URS-ch (60)}) (10. Rb1 cxd4 11. exd4 Bxb5 12. Rxb5 Qxc3+ 13. Bd2 Qc7 14. Qb3 b6
15. O-O O-O 16. Rc1 Qb7 17. Bf4 Rc8 18. Ng5 Rxc1+ 19. Bxc1 e6 20. Qh3 h6 21.
Nf3 h5 22. g4 hxg4 23. Qxg4 Nd7 {0-1 Belov,I-Zagorskis,D/Karvina 1992/EXT 97 
(49)}) 10... cxd4 11. exd4 O-O (11... Bxb5 12. Qxb5+ Nc6 13. Bd2 O-O-O 14. O-O
a6 15. Qb3 $14) 12. O-O Qc7 $5 (12... Be6 13. Qa3 a6 14. Be2 Nc6 15. Be3 Bd5 {
1/2-1/2 Petrosian,T-Smejkal,J/Rio de Janeiro 1979/IZT (15)}) 13. Re1 {Weiß hat
gutes Figurenspiel, aber seine Bauernstellung ist ein wenig schwach.} e6 14.
Ng5 {[%cal Gg5e4,Ge4c5,Ge4d6]} (14. Ne5 $5) 14... Nc6 $11 {[%csl Yc4][%cal
Gc6a5,Ga5c4,Ga5b3] Der schwarze Springer strebt nach a5, um das wichtige Feld
c4 zu kontrollieren.} 15. Ba3 Rfe8 16. Ne4 {[%csl Yd6]} Na5 17. Qa2 Bc6 {
[%cal Gc6d5,Gd5a2]} 18. Nd6 $6 {Dieser scheinbar aktive Zug hilft nur Schwarz.
Die Kombinationen auf e6 sind nicht gut, daher verliert Weiß nur Zeit.} (18.
Bd6 Qd8 19. Bb4 a6 20. Bd3 (20. Bxa5 Qxa5 21. Bxc6 bxc6 22. Rab1 $11) 20... Bd5
21. Qb2 $11) 18... Red8 19. Bxc6 (19. Rxe6 Bf8 $1 $17 (19... fxe6 $2 20. Qxe6+
$18)) 19... Qxc6 $15 {[%csl Ra4,Rc3,Yc4]} 20. Ne4 (20. Rxe6 Nc4 $1 {[%csl Re6]}
(20... fxe6 $4 21. Qxe6+ $18 {[%csl Rg8] Nach 21...Kh8 hat Weiß ein schönes,
aber wohlbekanntes Matt: 22.Nf7+ Kg8 23.Nh6+ Kh8 24.Qg8+ Rxg8 25.Nf7#.}) 21.
Re7 (21. Qxc4 Qxc4 22. Nxc4 fxe6 $17) 21... Rxd6 22. Bxd6 Nxd6 $17) 20... Qc4
$138 {In Zeitnot spielt Leko die sichere Fortsetzung, aber es ist kaum zu
sehen, wie Weiß seine Kompensation nach 20...Qxa4 beweisen kann.} (20... Qxa4
$5 21. Nc5 (21. Be7 Qxa2 22. Rxa2 Rd5 $17) 21... Qe8 $15) 21. Qb1 b6 22. Be7
$11 Rd5 23. Qd1 {Der weiße Springer e4 verteidigt die Schwäche auf c3 und wenn
Schwarz ihn mit ...f7-f5 verteiben möchte, bekommt Weiß Gegenchancen.} (23.
Nf6+ Bxf6 24. Bxf6 Qxc3 $17) 23... Qc7 24. Bh4 Rc8 {Und hier wurde die Partie
remis gegeben. Schwarz hat bequemes Spiel gute Kontrolle über das Feld c4,
aber es ist nicht leicht für ihn, voranzukommen.} 1/2-1/2

[Event "Tilburg"]
[Site "Tilburg"]
[Date "1994.??.??"]
[Round "2"]
[White "Sokolov, Ivan"]
[Black "Alterman, Boris"]
[Result "1-0"]
[WhiteElo "2625"]
[BlackElo "2585"]
[Annotator "Ribli,Z"]
[PlyCount "107"]
[EventDate "1994.09.??"]
[EventType "k.o."]
[EventRounds "7"]
[EventCountry "NED"]
[SourceTitle "CBM 044"]
[Source "ChessBase"]
[SourceDate "1995.02.01"]
[SourceVersion "1"]
[SourceVersionDate "1995.02.01"]
[SourceQuality "1"]

1. Nf3 c5 2. c4 Nf6 3. Nc3 b6 4. e4 Bb7 5. e5 Ng4 (5... Ng8 6. d4 Bxf3 7. Qxf3
Nc6 8. d5 $1 Nxe5 9. Qe2 $44 {Djuric,S-Marinkovic,I/Jugoslavia/1990/INF49,52/})
6. h3 Nh6 7. d4 cxd4 (7... Bxf3 8. Qxf3 Nc6 9. dxc5 $14 {Mestel,J-Ftacnik,L/
Hastings/1983/INF37,(48)/} (9. d5 $5 $44)) 8. Nxd4 Nc6 (8... g6 9. Nd5 Bg7 10.
Bg5 $1 Ng8 11. Nb5 Bxe5 12. f4 $16 {Dorfman,I-Garcia Gonzales,G/Capablanca
Mem-A/1988/CBM10/}) 9. Nf3 g6 10. Bd3 (10. Bf4 Bg7 11. Be2 Nf5 12. g4 Nfd4 13.
Nxd4 Nxd4 14. Qxd4 Bxh1 15. f3 $16 {Gheorghiu,F-Stefanov,P/INF1979/INF27,(80)/}
) 10... Bg7 11. Bf4 Rc8 12. Be4 Ng8 (12... O-O $2 13. Qd2 Nf5 14. g4 $18) (
12... f6 13. exf6 exf6 14. Bd5 $16) 13. O-O f6 (13... f5 14. Bd5 e6 15. Nb5
exd5 16. Nd6+ $18) 14. Re1 fxe5 15. Bxe5 Nf6 (15... Bxe5 16. Nxe5 Nf6 $14) 16.
Bxc6 Bxc6 (16... Rxc6 17. Nd5 e6 18. Nd4 Rxc4 19. Nxf6+ Bxf6 20. Nxe6 $1 dxe6
21. Qxd8+ Bxd8 22. Bxh8 $18) 17. Bd6 $1 e6 18. Ng5 Bh6 (18... h6 $2 19. Qd3 $1
$18) 19. h4 Bxg5 20. hxg5 Nh5 21. Qg4 (21. Qd2 $5) 21... Kf7 22. Rad1 Re8 23.
Rd3 Kg8 24. Rh3 Rf8 $2 (24... Ng7 $5 $16) 25. Bxf8 Qxf8 26. b3 Qf4 27. Qxf4
Nxf4 28. Rg3 Rf8 29. Ne4 Rf5 30. Rge3 Kg7 31. Rd1 a5 32. Rd6 Kf8 33. g4 Rf7 (
33... Re5 34. Nf6 $18) 34. Nf6 h6 35. Ne4 Bxe4 36. Rxe4 hxg5 37. Re3 (37. Rxb6
Nh3+ 38. Kg2 Nxf2 39. Rd4 e5 40. Rd5 Nxg4 41. Kg3 $18) 37... Rh7 38. Rxb6 Rh4
39. Rb5 Rxg4+ 40. Kf1 Ke7 41. Rxa5 Kf6 42. Rg3 Rh4 43. Raxg5 e5 44. c5 Rh8 45.
b4 Rc8 46. Ke1 d6 47. cxd6 Rc4 48. a3 Rd4 49. R5g4 Rxd6 50. Rb3 Nd3+ 51. Kf1
Kf5 52. Rg3 e4 53. b5 Nf4 54. Ke1 (54. Ke1 Nd3+ 55. Rgxd3 exd3 56. b6 $18) 1-0